Datum a čas kvízu
35.5
Celkem bodů
Celkový počet nahraných bodů na tomto kvízu bez doplňovacích otázek.
3.
Pořadí na kvízu
Konečné umístění týmu na tomto kvízu.
Zaznamenané odpovědi
| # | Otázka | Odpověď | Body | Výsledky |
|---|---|---|---|---|
| 1. | Jak se jmenuje první kompletně... | Olbrachtova | 0 | |
| 2. | Americký prezident Donald Trum... | golfová hůl | 1 | |
| 3. | Nebyl by to ten správný Hallow... | Medusu/Gorgonu | 1 | |
| 4. | Která automobilka představila... | Mazda | 1 | |
| 5. | Který český hokejista podepsal... | Martin Nečas | 1 | |
| 6. | Ačkoliv je čas večeře, věnujem... | vejce; slaninu | 1 | |
| 7. | Od slané ke sladké snídani. V... | javorový sirup | 1 | |
| 8. | „Snídaně v trávě“ není název: | D | 0 | |
| 9. | V Krkonoších, v místě zvaném K... | Mumlava | 1 | |
| 10. | Mnozí z nás si snídani bez káv... | cascara | 1 |